000 00469nam a22001577a 4500
005 20251108175612.0
008 250721s2016 xx 000 0 ara d
082 1 4 _a301/خلد
100 1 _aبن خلدون، عبد الرحمن
245 1 0 _aمقدمة ابن خلدون /
264 1 _aالقاهرةض :
_bمكتبة صفا للنشر والتوزيع،
_c2016.
300 _a656ص.
650 1 7 _aعلم الاجتماع
942 _2ddc
_cBK
999 _c138021
_d138021